| 000 | 00377nam a22001457a 4500 | ||
|---|---|---|---|
| 999 |
_c2375 _d2375 |
||
| 008 | 200227b ||||| |||| 00| 0 eng d | ||
| 082 | 0 | 0 |
_a537 _bK321 |
| 100 |
_91932 _aKemp |
||
| 245 | 1 | 0 |
_aElectricity and general magnetism / _cby Kemp and Young |
| 260 |
_aBrighton _bKandy _c1960 |
||
| 300 | _a80 p. | ||
| 650 | 0 | _aElectrical Engineering | |
| 700 |
_91933 _aYoung |
||
| 942 | _cBK | ||